000 00301nam a22001337a 4500
008 170418b xxu||||| |||| 00| 0 eng d
020 _a9780534545949
041 _aeng
080 _25TH
_a612.39
100 _a10
101 _aSHM
245 _aNUTRITION AND DIET THERAPY
_cCATALDO
942 _2udc
_cBK
999 _c10924
_d10924